000 00762nam a22002537a 4500
003 PE SENCICO BE
005 20251020182634.0
008 230404b |||||||| |||| 00| 0 eng d
020 _a978-84-9801-378-8
040 _aPE SENCICO BE
_cPE SENCICO BE
041 _aspa
082 _a720.284
_bB53
100 1 _9869
_aBingham, Neil
_eautor
245 1 _a100 años de dibujos de arquitectura :
_b1900-2000/
_cNeil Bingham
250 _a1a ed.
260 _aBarcelona :
_bBlume,
_c2013
300 _a320 p. :
_bil. col., lams.
_c25 cm.
650 1 4 _9428
_aDibujo arquitectónico
650 2 4 _9363
_aHistoria de la arquitectura
650 2 4 _9191
_aArquitectura moderna
650 2 4 _9821
_aEstilos arquitectónicos
910 _bhfp
_chfp
942 _2ddc
_cLIB
999 _c4090
_d4090